01386nam a2200337Ia 4500001001200000003000800012006001900020007001500039008004100054010001700095020002800112020003100140020002600171040002100197035002100218050002600239100002000265245010900285260006100394300001700455504006600472533015200538650003500690650005600725650005000781650002600831655002900857710001700886856012600903999001901029ebr10449666CaPaEBRm u cr cn|||||||||070323s2008 enk sb 001 0 eng d z 2007012681 z0754662020 (alk. paper) z9780754662020 (alk. paper) z9780754683056 (ebook) aCaPaEBRcCaPaEBR a(OCoLC)71515929214aPR830.L69bF56 2008eb1 aFletcher, Lisa.10aHistorical romance fictionh[electronic resource] :bheterosexuality and perfomativity /cLisa Fletcher. aAldershot, England ;aBurlington, VT :bAshgate,cc2008. aviii, 177 p. aIncludes bibliographical references (p. [163]-171) and index. aElectronic reproduction.bPalo Alto, Calif. :cebrary,d2011.nAvailable via World Wide Web.nAccess may be limited to ebrary affiliated libraries. 0aHeterosexuality in literature. 0aHistorical fiction, EnglishxHistory and criticism. 0aLove stories, EnglishxHistory and criticism. 0aSpeech in literature. 7aElectronic books.2local2 aebrary, Inc.40uhttp://site.ebrary.com/lib/rucke/Doc?id=10449666zAn electronic book accessible through the World Wide Web; click to view c138388d138388